Комментарий к Земельному кодексу Российской Федерации (Запись № 1345487)

Подробности
000 -МАРКЕР
контрольное поле 02256nam0a2200433 4500
001 - ИДЕНТИФИКАТОР ЗАПИСИ
контрольное поле RU\NLR\bibl\1142081
005 - ИДЕНТИФИКАТОР ВЕРСИИ
контрольное поле 20260405101153.0
010 ## - МЕЖДУНАРОДНЫЙ СТАНДАРТНЫЙ НОМЕР КНИГИ (ISBN)
Номер (ISBN) 978-5-699-19335-6
Тираж 3000
021 ## - НОМЕР ГОСУДАРСТВЕННОЙ РЕГИСТРАЦИИ
Код страны Российская Федерация
Номер 2007-60722
Номер Листа государственной регистраци 3244
035 ## - ДРУГИЕ СИСТЕМНЫЕ НОМЕРА
Идентификатор записи (nilc)EL/0000140360
035 ## - ДРУГИЕ СИСТЕМНЫЕ НОМЕРА
Идентификатор записи (NLR Aleph) 001128934
100 ## - ДАННЫЕ ОБЩЕЙ ОБРАБОТКИ
Данные общей обработки 20070829d2007 |||y0rusy50 ca
101 0# - ЯЗЫК РЕСУРСА
Язык текста, звукозаписи и т.д. русский
102 ## - СТРАНА ПУБЛИКАЦИИ ИЛИ ПРОИЗВОДСТВА
Страна публикации Российская Федерация
105 ## - ПОЛЕ КОДИРОВАННЫХ ДАННЫХ: ТЕКСТОВЫЕ МАТЕРИАЛЫ, МОНОГРАФИЧЕСКИЕ
Кодированные данные о монографическом текстовом документе y |||||||||
200 1# - ЗАГЛАВИЕ И СВЕДЕНИЯ ОБ ОТВЕТСТВЕННОСТИ
Основное заглавие Комментарий к Земельному кодексу Российской Федерации
Первые сведения об ответственности М.В. Поминов, Н.Н. Ковалев, С.Д. Олейник
Последующие сведения об ответственности под ред. д.э.н., проф. А.А. Варламова
210 ## - ПУБЛИКАЦИЯ, РАСПРОСТРАНЕНИЕ И ДР.
Место издания, распространения и т.д. Москва
Имя издателя, распространителя и т. д. Эксмо
Дата издания, распространения и т.д. 2007
215 ## - ФИЗИЧЕСКАЯ ХАРАКТЕРИСТИКА
Специфическое обозначение материала и объем 607 с.
Размеры 25
225 1# - СЕРИЯ
Основное заглавие серии Комментарии к Российскому законодательству
320 ## - ПРИМЕЧАНИЯ О НАЛИЧИИ В ДОКУМЕНТЕ БИБЛИОГРАФИИ / УКАЗАТЕЛЯ
Текст примечания Библиогр. в подстроч. примеч.
604 ## - ИМЯ И ЗАГЛАВИЕ КАК ПРЕДМЕТ
Связываемые данные 71001$aРоссийская Федерация
-- 50011$aЗемельный кодекс$jКомментарии$2nlr_sh2$3RU\NLR\AUTH\661315814
Идентификатор авторитетной/нормативной записи RU\NLR\AUTH\661315814
Имя лица Российская Федерация
Заглавие Земельный кодекс
Формальный подзаголовок Комментарии
Системный номер авторитетной/нормативной записи 2188711
604 ## - ИМЯ И ЗАГЛАВИЕ КАК ПРЕДМЕТ
Связываемые данные 71001$aРоссийская Федерация. Законы
-- 50011$aЗемельный кодекс Российской Федерации$2psbo
Имя лица Российская Федерация. Законы
Заглавие Земельный кодекс Российской Федерации
610 1# - НЕКОНТРОЛИРУЕМЫЕ ПРЕДМЕТНЫЕ ТЕРМИНЫ
Предметный термин Право земельное
610 1# - НЕКОНТРОЛИРУЕМЫЕ ПРЕДМЕТНЫЕ ТЕРМИНЫ
Предметный термин Право на землю
610 1# - НЕКОНТРОЛИРУЕМЫЕ ПРЕДМЕТНЫЕ ТЕРМИНЫ
Предметный термин Фонд земельный
610 1# - НЕКОНТРОЛИРУЕМЫЕ ПРЕДМЕТНЫЕ ТЕРМИНЫ
Предметный термин Кодекс земельный
686 ## - ИНДЕКСЫ ДРУГИХ КЛАССИФИКАЦИЙ
Индекс 67.625-3-4
Издание LBC/RL
Код системы
686 ## - ИНДЕКСЫ ДРУГИХ КЛАССИФИКАЦИЙ
Индекс Х625-324.9(2Р)
700 #1 - ИМЯ ЛИЦА - ПЕРВИЧНАЯ ОТВЕТСТВЕННОСТЬ
Начальный элемент ввода Поминов
Часть имени, кроме начального элемента ввода М. В.
Расширение инициалов личного имени Максим Владимирович
Код отношения Автор
701 #1 - ИМЯ ЛИЦА - АЛЬТЕРНАТИВНАЯ ОТВЕТСТВЕННОСТЬ
Код отношения Автор
Графика поля Кириллица
Материалы, к которым относится поле rus
Начальный элемент ввода Ковалев
Часть имени, кроме начального элемента ввода Н. Н.
Дополнения к именам, кроме дат юрист
Расширение инициалов личного имени Николай Николаевич
Системный номер авторитетной/нормативной записи 20159
Идентификатор авторитетной/нормативной записи RU\NLR\AUTH\7737170
701 #1 - ИМЯ ЛИЦА - АЛЬТЕРНАТИВНАЯ ОТВЕТСТВЕННОСТЬ
Начальный элемент ввода Олейник
Часть имени, кроме начального элемента ввода С. Д.
Расширение инициалов личного имени Сергей Давидович
Код отношения Автор
801 #0 - ИСТОЧНИК ЗАПИСИ
Страна Российская Федерация
Организация Омская ГОНБ
Дата составления 20070829
Правила каталогизации rcr
801 #1 - ИСТОЧНИК ЗАПИСИ
Страна Российская Федерация
Организация Омская ГОНБ
Дата составления 20070829
801 #2 - ИСТОЧНИК ЗАПИСИ
Страна Российская Федерация
Организация NLR
Дата составления 20071017
Правила каталогизации rcr
942 ## - ДОПОЛНИТЕЛЬНЫЕ ЭЛЕМЕНТЫ ЗАПИСИ (АБИС)
Тип экземпляра АБИС Книга
980 ## - КОЛЛЕКЦИЯ
Название коллекции Национальная библиография
Экземпляры
Тип экземпляра Дата поступления Источник поступления Библиотека постоянного хранения Библиотека текущего хранения Место хранения Шифр хранения Штрих-код Статус экземпляра Стоимость
Книга 17.10.2007 Обязательный экземпляр РНБ (Московский) РНБ (Московский) Русский книжный фонд: издания с 1957 года 2007-7/5694 1-757219    
Книга 17.10.2007 Обязательный экземпляр РНБ (Московский) РНБ (Московский) Русский книжный фонд: издания с 1957 года 2007-7/5694 2529007    
Книга 18.03.2008 Покупка РНБ (Садовая) РНБ (Садовая) Универсальный читальный зал У Х625-324.9/П-552 1-162713   370.00